Computer Science: an Overview (Record no. 3754)

MARC details
005 - DATE AND TIME OF LATEST TRANSACTION
control field 20250611121401.0
020 ## - INTERNATIONAL STANDARD BOOK NUMBER
International Standard Book Number 978-0-273-7798-6
100 ## - MAIN ENTRY--PERSONAL NAME
Author name BROOKSHEAR, J. G
245 ## - TITLE STATEMENT
Title Computer Science: an Overview
250 ## - EDITION STATEMENT
Edition statement 2nd Ed
260 ## - PUBLICATION, DISTRIBUTION, ETC.
Place of publication, distribution, etc. New York
Name of publisher, distributor, etc. Pearson Edcation Limited
Date of publication, distribution, etc. 2013
300 ## - PHYSICAL DESCRIPTION
Extent 623p.: ill; Figure,Table
Other physical details Index
Dimensions 23.5cm
Accompanying material 24.5 cm
700 ## - ADDED ENTRY--PERSONAL NAME
Other authors/Editors SMITH, D.T and BRYLOW, D
942 ## - ADDED ENTRY ELEMENTS (KOHA)
Source of classification or shelving scheme Dewey Decimal Classification
Koha item type Books
Holdings
Date last seen Total checkouts Full call number Barcode Cost, replacement price Price effective from Koha item type Lost status Source of classification or shelving scheme Damaged status Not for loan Withdrawn status Home library Current library Shelving location Date acquired Source of acquisition Cost, normal purchase price
06/11/2025   001.642 BRO MBY000139 165000.00 06/11/2025 Books   Dewey Decimal Classification       CBE MBEYA CBE MBEYA Special Reserve Collection 02/23/2016 Purchase 55000.00